Responses for Show #5945 - Friday, June 18, 2010

Paul Kursky game 3.

Contestants

[<< previous game]

Katherine Thompson, a graduate student of psychology from New York, New York

Jon Zerolnick, a nonprofit policy researcher from Los Angeles, California

Paul Kursky, a copywriter from San Francisco, California (whose 2-day cash winnings total $39,301)

[next game >>]

Jeopardy! Round responses

CLASSIC NOVELS' ORIGINAL TITLES
(Alex: Next, in honor of Father's Day...)
WHO'S YOUR DADDY?
USUALLY INCORRECT JEOPARDY! RESPONSES
LIVING THINGS
THE SHORT LIST
"EAK" FOR YOURSELF
    $200 17
Lady Chatterley's Lover

Katherine
    $200 1
Martin Sheen

Jon
    $200 6
Clue

Katherine
    $200 15
worker bees

Jon
    $200 7
(James) Madison

Paul
    $200 25
a leak

Jon
    $400 18
War and Peace

Jon
    $400 2
Bob Marley

Paul
    $400 10
I have no idea

Paul
    $400 16
dromedary

Katherine
    $400 8
(Alex: The famous jockey [*].)

Willie Shoemaker

Triple Stumper
    $400 26
freak

Katherine
    $600 19
The Sun Also Rises

Paul
    $600 3
(Katherine: Who is Wayne Gretzky?)
...
(Alex: Who is [*]--Brett Hull, [*].)

Bobby Hull

Katherine
Triple Stumper
    $600 11
I Don't Know

Jon
    $600 21
a trout

Paul
    $600 9
Annie Oakley

Katherine
    $600 27
peak

Katherine
    $600 20
(Paul: I have no idea.)

Main Street

Paul
    $800 4
James Brolin

Paul
    $800 12
huh

Triple Stumper
    $800 22
a fungus

Triple Stumper
    $800 14
(Stephen) Douglas

Katherine
    $800 28
wreak

Katherine
    $1000 30
Portrait of the Artist as a Young Man

Paul
    $1000 5
George Hamilton

Triple Stumper
    $1000 13
stumped

Jon
    $1000 23
(Katherine: What is a jaguar?)
...
(Alex: Jaguar is much bigger and doesn't have as nice a face as [*].)

the ocelot

Katherine
Triple Stumper
    $1000 24
(Jon: Who is Garbo?)
...
(Alex: Garbo was tall, but [*] was a cute little itty bitty thing.)

Gloria Swanson

Jon
Triple Stumper
    $1000 29
squeak

Katherine

Scores at the first commercial break (after clue 15):

Paul Jon Katherine
$1,800 $2,000 $1,000

Scores at the end of the Jeopardy! Round:

Paul Jon Katherine
$3,400 $1,600 $3,400

Double Jeopardy! Round responses

LAKES & RIVERS
TV MILLIONAIRES--WHO PLAYED 'EM?
TELL TCHAIKOVSKY THE NEWS
HERE, KING!
"SIT"!
STAY!
    $400 6
the Colorado

Katherine
    $400 21
(Alex: Ooh. [*] will not be happy that you forgot him.)

Larry Hagman

Triple Stumper
    $400 11
(Paul: What is Peter and the Wolf?)
(Katherine: What is The Rite of Spring?)

Swan Lake

PaulKatherine
Triple Stumper
    $400 17
Tutankhamen

Katherine
    $400 12
positive

Triple Stumper
    $400 1
San Francisco

Jon
    $2,000 7
(Katherine: What is Huron?)
...
(Alex: The shallowest, also.)

Lake Erie

Katherine
    $800 22
Harry Shearer

Jon
    $800 18
(Katherine: What is France?)

Spain

JonKatherine
    $800 13
a sitar

Paul
    $800 2
(Katherine: What is the Riviera?)

the Encore

JonKatherine
    $1200 8
Victoria

Paul
    $1200 23
(Jim) Backus

Jon
    $1200 27
The Nutcracker

Paul
    $1200 19
(Paul: What is Sweden?)

Denmark

Paul
Triple Stumper
    $1200 14
sensitive

Triple Stumper
    $1200 3
San Diego

Katherine
    $1600 9
Tahoe

Jon
    $1600 24
(Alex: From the series Hart to Hart, [*].)

Robert Wagner

Triple Stumper
    $1600 28
The Sleeping Beauty

Triple Stumper
    $1,000 20
(Jon: What... is... Belgrade?)

Greece

Jon
    $1600 15
hesitate

Paul
    $1600 4
the Four Seasons

Katherine
    $2000 10
Lake Champlain

Paul
    $2000 25
(Alex: [*] on Dynasty.)

John Forsythe

Triple Stumper
    $2000 29
[The end-of-round signal sounds.]

the "1812 Overture"

Triple Stumper
    $2000 26
(Katherine: What is England?)
...
(Alex: Less than a minute now, Jon, for the four remaining clues.)

Aethelred

Katherine
Triple Stumper
    $2000 16
composite

Paul
    $2000 5
the Plaza

Triple Stumper

Scores at the end of the Double Jeopardy! Round:

Paul Jon Katherine
$10,600 $6,200 $1,000

[wagering suggestions for these scores]

Final Jeopardy! Round responses

SPORTS VENUES
(Alex: And one of these years, Pat Sajak hopes, it will be the home of a World Series champion.)
KatherineWhat is Wrigley Field?
$899
JonWhat is Shea Stadium?
$4,000
PaulWhat is Wrigley Field?
$1,900
Wrigley Field

Final scores:

Paul Jon Katherine
$12,500 $2,200 $1,899
3-day champion: $51,801 2nd place: $2,000 3rd place: $1,000

Game dynamics:

Coryat scores:

Paul Jon Katherine
$11,200 $7,200 $3,000
13 R,
3 W
(including 1 DD)
12 R,
2 W
(including 1 DD)
13 R,
7 W
(including 1 DD)

Combined Coryat: $21,400

[game clues] [game scores] [suggest correction]

Game tape date: 2010-02-17
The J! Archive is created by fans, for fans. Scraping, republication, monetization, and malicious use prohibited; this site may use cookies and collect identifying information. See terms. The Jeopardy! game show and all elements thereof, including but not limited to copyright and trademark thereto, are the property of Jeopardy Productions, Inc. and are protected under law. This website is not affiliated with, sponsored by, or operated by Jeopardy Productions, Inc. Join the discussion at JBoard.tv.